| 000 | 00523nam a2200193Ia 4500 | ||
|---|---|---|---|
| 003 | GCL | ||
| 008 | 140319s9999 xx 000 0 eng d | ||
| 040 |
_aGCL / _cGCL |
||
| 082 | 0 | 4 |
_a658.15 _bD F |
| 100 | 1 | _aGODDARD, SCOTT | |
| 245 | 1 | 0 |
_aFINANCIAL MANAGEMENT FOR INTERNATIONAL BUSINESS / _cGODDARD, SCOTT |
| 700 | 1 | _aDEMIRAG, ISTEMI | |
| 260 |
_a[S.N] : _bMC GRAW - HILL ، _c1994 |
||
| 300 | _a390 | ||
| 650 | 0 | 4 | _aINTERNATIONAL FINANCE |
| 650 | 0 | 4 | _aBUSINESS |
| 650 | 0 | 4 | _aINTERNATIONAL BUSINESS |
| 942 |
_2ddc _cBK |
||
| 999 |
_c23671 _d23671 |
||